MARC details
| 000 -CABECERA |
| campo de control de longitud fija |
02125cam a22002658i 4500 |
| 001 - NÚMERO DE CONTROL |
| campo de control |
23607666 |
| 005 - FECHA Y HORA DE LA ÚLTIMA TRANSACCIÓN |
| campo de control |
20250521134110.0 |
| 008 - DATOS DE LONGITUD FIJA--INFORMACIÓN GENERAL |
| campo de control de longitud fija |
240314s2024 enk b 001 0 eng |
| 010 ## - NÚMERO DE CONTROL DE LA BIBLIOTECA DEL CONGRESO |
| Número de control de LC |
2024009756 |
| 020 ## - NÚMERO INTERNACIONAL ESTÁNDAR DEL LIBRO |
| Número Internacional Estándar del Libro |
9781804290002 |
| 040 ## - FUENTE DE LA CATALOGACIÓN |
| Centro catalogador/agencia de origen |
DLC |
| Lengua de catalogación |
eng |
| Normas de descripción |
rda |
| Centro/agencia transcriptor |
DLC |
| Centro/agencia modificador |
DLC |
| 041 ## - CÓDIGO DE LENGUA |
| Código de lengua del texto/banda sonora o título independiente |
eng |
| 042 ## - CÃDIGO DE AUTENTICACIÃN |
| Código de autenticación |
pcc |
| 050 00 - SIGNATURA TOPOGRÁFICA DE LA BIBLIOTECA DEL CONGRESO |
| Número de clasificación |
TK9152.16 |
| Número de documento/Ítem |
.R36 2024 |
| 100 ## - ENTRADA PRINCIPAL--NOMBRE DE PERSONA |
| Nombre de persona |
Ramana, M. V. |
| Fechas asociadas al nombre |
1966- |
| Término indicativo de función/relación |
author |
| 9 (RLIN) |
25286 |
| 245 10 - MENCIÓN DE TÍTULO |
| Título |
Nuclear is not the solution |
| Resto del título |
: the folly of atomic power in the age of climate change |
| Mención de responsabilidad, etc. |
/ M. V. Ramana. |
| 260 ## - PUBLICACIÓN, DISTRIBUCIÓN, ETC. |
| Lugar de publicación, distribución, etc. |
London ; |
| -- |
New York, NY : |
| Nombre del editor, distribuidor, etc. |
Verso, |
| Fecha de publicación, distribución, etc. |
2024. |
| 300 ## - DESCRIPCIÓN FÍSICA |
| Extensión |
viii, 264 pages ; |
| Dimensiones |
22 cm |
| 504 ## - NOTA DE BIBLIOGRAFÍA, ETC. |
| Nota de bibliografía, etc. |
Includes bibliographical references and index. |
| 520 ## - SUMARIO, ETC. |
| Sumario, etc. |
THE CLIMATE CRISIS has propelled nuclear energy back into fashion. Its proponents argue we already have the technology of the future and that it only needs perfection and deployment. Nuclear Is Not the Solution demonstrates why this sort of thinking is not only naïve but dangerous.<br/><br/>Even beyond the horrific implications of meltdown and the intractable problem of waste disposal, nuclear is not practicable on such a large scale. Any appraisal of future energy technology depends on two important parameters: cost and time. Nuclear fails on both counts. It is more costly than its renewable competitors wind and solar. And, importantly given the need for rapid transformation, it is slow. A plant takes a decade to come online. If you include permits and fundraising, this adds another decade. And we should not forget the deep roots it has in the defense industry.<br/><br/>M. V. Ramana’s powerful book destroys any illusion that nuclear is our answer to climage change, untangling technical arguments into simple and sensible language. Importantly, Nuclear Is Not the Solution also unmasks the powerful groups with vested interests in the maintenance of the status quo, currently working hard to greenwash a spectacularly dirty industry. |
| 650 #0 - PUNTO DE ACCESO ADICIONAL DE MATERIA--TÉRMINO DE MATERIA |
| Término de materia o nombre geográfico como elemento de entrada |
Nuclear power plants |
| Subdivisión general |
Risk assessment |
| 9 (RLIN) |
25287 |
| 650 #0 - PUNTO DE ACCESO ADICIONAL DE MATERIA--TÉRMINO DE MATERIA |
| Término de materia o nombre geográfico como elemento de entrada |
Nuclear energy |
| Subdivisión general |
Government policy |
| 9 (RLIN) |
25288 |
| 650 #0 - PUNTO DE ACCESO ADICIONAL DE MATERIA--TÉRMINO DE MATERIA |
| Término de materia o nombre geográfico como elemento de entrada |
Climate change mitigation |
| Subdivisión general |
Government policy |
| 9 (RLIN) |
25289 |
| 942 ## - ELEMENTOS DE ENTRADA AGREGADA (KOHA) |
| Fuente del sistema de clasificación o colocación |
Clasificación de Library of Congress |